000 00621cam a22002171i 4500
001 sa 68018692
003 DLC
005 20260227112714.0
008 830602s1965 io a 000 0 ind
010 _asa 68018692
035 _a(OCoLC)9568805
040 _aDLC
_cOAU
_dOCoLC
_dDLC
042 _apremarc
050 0 0 _aQ180.A1
_bH29
100 1 _aHadibroto, Suhadji.
245 1 0 _aMethode research /
_coleh S. Hadibroto.
260 _a[Medan :
_bFakultas Ekonomi U.S. U.,
_c1965?]
300 _a104 p. :
_bill. ;
_c20 cm.
500 _a"Isi terbitan kedua ini telah diperbaiki dan ditambah ..."
650 0 _aResearch.
999 _c88589
_d88589